000 00646nam a2200193Ia 4500
003 GCL
008 140319s9999 xx 000 0 ara d
040 _aGCL /
_cGCL
082 0 4 _a810.809282
_bع س
100 1 _aعلى فكرى
245 1 0 _aالسمير المهذب:مجموعة قصص تهذيبية, وحكايات خلقية, وامثال ادبية /
_cعلى فكرى
260 _a[S.N] :
_bدار احياء الكتب العربية
300 _a313 ص
490 _a
650 0 4 _aالقصص العربية
650 0 4 _aالامثال العربية
650 0 4 _aالادب العربى - مجموعات
942 _2ddc
_cBK
999 _c52917
_d52917